000 00585cam a22001933a 4500
001 39521
003 PGUSA
005 20140828083858.0
008 120423s2012||||xxu|||||s|||||000 | eng d
040 _aPGUSA
_beng
042 _adc
245 1 0 _aEncyclopaedia Britannica, 11th Edition, Volume 13, Slice 2 :
_b"Hearing" to "Helmond"
_h[electronic resource] /
_cVarious
260 _bProject Gutenberg,
_c2012
506 _aPublic domain in the USA.
516 _aElectronic text
830 0 _aProject Gutenberg
_v39521
856 4 0 _uhttp://www.gutenberg.org/ebooks/39521
942 _cEB
999 _c268774
_d268774